[Event "Las Palmas m"]
[Site "Las Palmas"]
[Date "1994.??.??"]
[Round "1"]
[White "Karpov, Anatoly"]
[Black "Morovic Fernandez, Ivan"]
[Result "1-0"]
[WhiteElo "2740"]
[BlackElo "2605"]
[Annotator "Hansen,Curt"]
[PlyCount "73"]
[EventDate "1994.02.??"]
[EventType "match"]
[EventRounds "6"]
[EventCountry "ESP"]
[SourceTitle "CBM 040"]
[Source "ChessBase"]
[SourceDate "1994.06.01"]
[SourceVersion "1"]
[SourceVersionDate "1994.06.01"]
[SourceQuality "1"]

1. c4 {Ftacnik,Lubomir Ftacnik,Lubomir} Nf6 2. Nf3 e6 3. d4 d5 4. e3 c5 5. Nc3 Nc6 6. cxd5 exd5 7. Bb5 Bd6 8. O-O (8. Ne5 Qc7 9. Qa4 (9. Nxc6 bxc6 10. dxc5 Bxc5 11. Be2 Bd6 12. h3 Qe7 13. b3 O-O 14. Bb2 Bf5 $10 {Ribli,Z-Adorjan,A/Budapest m(1)/1979/}) 9... O-O 10. Nxc6 bxc6 11. Bxc6 Rb8 12. Nxd5 Nxd5 13. Bxd5 cxd4 14. O-O Rb4 15. Qc6 Qb8 16. e4 Rb6 17. Qa4 Bxh2+ 18. Kh1 Bf4 $17 {Manquoy-Winants,L/Belgique/1988/}) (8. dxc5 Bxc5 9. O-O O-O 10. b3 (10. a3 a6 (10... Bg4 11. Be2 Rc8 12. b4 Bd6 13. Bb2 Re8 $10 {Berg,K-Emms,J/Gausdal TM/1993/}) 11. Be2 Be6 12. b4 Bd6 13. Bb2 Qe7 14. Rc1 Rfd8 15. Na4 $14 {Berg,K-Fuglsang,F/Lyngby/1991/}) 10... Bg4 (10... Qd6 11. Na4 Bb4 12. Bb2 Ne4 13. a3 Ba5 14. b4 Bc7 15. Bxc6 bxc6 16. Be5 $14 {Timman,J-Ljubojevic,L/Tilburg/1981/}) (10... Be6 11. Bb2 Qe7 12. Ne2 Rac8 13. a3 Rfd8 14. Ned4 $14 {Petrosian,T-Botvinnik,M/Moscow Wch m(11)/1963/}) (10... Bd6 11. Bb2 Bg4 12. Be2 Rc8 13. Nb5 Bb8 14. Bxf6 Qxf6 15. Qxd5 Rfd8 16. Qe4 h5 $13 {Wirthensohn,H-Scherrer,R/Lenk op/1992/}) (10... a6 11. Bxc6 (11. Be2 Re8 12. Bb2 Ba7 13. Rc1 Qd6 14. Rc2 Bg4 15. Rd2 Rad8 $10 {Wells,P-Wahls,M/BL/1989/}) 11... bxc6 12. Bb2 Bg4 13. Rc1 Be7 (13... Bd6 14. Na4 Rc8 15. Qd3 Bxf3 16. gxf3 Qd7 17. Kg2 Ne4 18. Rh1 Qh3+ $1 $19 {Sunye Neto,J-Christiansen,L/Mexico/1980/}) (13... Ba7 14. Na4 Qd6 15. Rc4 Qe6 16. Nc5 Qc8 17. Rc1 Ne4 $15 {Nielsen,UV-Sax,G/Vejle/1993/}) 14. Ne2 Bxf3 15. gxf3 Qd7 $13 {Makarichev,S-Gavrikov,V/Moscow GMA-op/1989/}) 11. Bb2 Bd6 (11... Rc8 12. Rc1 Qd6 13. Be2 a6 14. h3 (14. Nd4 Bxd4 15. Bxg4 Nxg4 16. Qxg4 Be5 17. Rfd1 Bxh2+ 18. Kf1 Qe6 19. Qf3 Be5 20. Ba3 Bd6 21. Bxd6 Qxd6 {0,5/Speelman,J-Portisch,L/Bruxelles/1988/}) 14... Bxf3 15. Bxf3 Rfd8 16. Qc2 Ba3 17. Rfd1 $14 {Ribli,Z-Adorjan,A/Budapest m(3)/1979/}) 12. Be2 Rc8 (12... Re8 13. Nd4 Bxe2 {0,5/Razuvaev,Y-Sax,G/Elenite/1992/}) 13. Nd4 (13. Rc1 Bb8 (13... a6 14. Nd4 Bxe2 15. Ncxe2 Nxd4 16. Qxd4 Rxc1 17. Rxc1 Re8 $10 {Makarichev,S-Balashov,Y/EU-cup/1990/}) 14. Re1 (14. Nb5 Ne4 15. Nbd4 Re8 16. h3 (16. Qd3 Qd6 17. g3 h5 18. Nxc6 bxc6 19. Nh4 Bh3 20. Rfd1 Qh6 $15 {Karpov,A-Chandler,M/Bath/1983/}) 16... Bxf3 17. Nxf3 Qd6 18. Qd3 Ng5 $15 {Sunye Neto,J-Kasparov,G/Graz/1981/}) 14... Re8 15. g3 h5 16. Na4 Qe7 17. Nh4 $13 {Petrosian,T-Ivanovic,B/Bar/1980/}) 13... Be6 14. Ncb5 Bb8 15. Rc1 $13 {Wirthensohn,H-Wilder,M/Lugano op/1989/}) 8... O-O 9. h3 cxd4 (9... Bf5 10. dxc5 Bxc5 11. b3 Qa5 12. Bb2 Rfd8 13. Bxc6 bxc6 14. Nd4 Bd7 $13 {Karpov,A-Polugaevsky,L/Reggio/1991/}) (9... Re8 10. a3 a6 11. Bxc6 bxc6 12. dxc5 Bxc5 13. Qc2 Bd6 14. Re1 c5 $15 {Perdomo,C-Arencibia,JJ/ch-CU/1989/}) ({RR} 9... Bf5 10. dxc5 Bxc5 11. b3 Qa5 12. Bb2 Rfd8 13. Bxc6 bxc6 14. Nd4 Bd7 15. Qf3 Bxd4 16. exd4 Re8 17. Rfe1 Rxe1+ 18. Rxe1 Ne4 19. Re2 Nxc3 20. Bxc3 Qa3 21. Qf4 h6 22. Kh2 Be6 23. Rc2 Qe7 24. Bd2 {Karpov,A (2725)-Polugaevsky,L (2610) Reggio Emilia 1991 ½-½ (40)}) ({RR} 9... Be6 10. dxc5 Bxc5 11. b3) ({RR} 9... Bf5 10. dxc5 Bxc5 11. b3 Qa5 12. Bb2 Rfd8 13. Bxc6 bxc6 14. Nd4 Bd7 15. Qf3 Bxd4 16. exd4 Re8 17. Rfe1 Rxe1+ 18. Rxe1 Ne4 19. Re2 Nxc3 20. Bxc3 Qa3 21. Qf4 h6 22. Kh2 Be6 23. Rc2 Qe7 24. Bd2 {Karpov,A (2725)-Polugaevsky,L (2610) Reggio Emilia 1991 ½-½ (40)}) ({RR} 9... Be6 10. dxc5 Bxc5 11. b3) 10. exd4 {g5, קd5} ({RR} 10. Nxd4 Bd7) ({RR} 10. Nxd4 Bd7) 10... h6 11. Re1 Bd7 $146 ({RR} 11... Be6 12. Ne5 Rc8 13. Bf4 Re8 14. Bg3 Qb6 15. Nxc6 bxc6 16. Bxd6 cxb5 17. Be5 Nd7 18. Qd3 b4 19. Na4 Qc6 20. Nc5 f6 21. Bf4 Bf7 22. Rxe8+ Rxe8 23. Qa6 Qb6 24. Qxb6 Nxb6 25. b3 g5 26. Bc7 {Bacrot,E (2710)-Fang,Y (2500) Jiangmen 2018 ½-½ (33)}) ({RR} 11... Qb6 12. Be3 Bf5 13. Bxc6 bxc6 14. Qc1 Rfe8 15. b3 Qa6 16. Na4 Ne4 17. Nd2 Re6 18. Nxe4 Bxe4 19. Nc3 Bf5 20. Qd1 Rae8 21. Qf3 Rf6 22. Bd2 Ree6 23. Rxe6 fxe6 24. Re1 Qc8 25. Ne2 Qf8 26. Qc3 {Mis,M (2397)-Nainys,Z (2309) Warsaw POL 2026 0-1 (57)}) ({RR} 11... Qc7 12. Be3 Bd7 ({RR} 12... a6 13. Bxc6 Qxc6 14. Ne5) ({RR} 12... a6 13. Bxc6 Qxc6 14. Ne5) 13. Rc1 a6 14. Bd3 ({RR} 14. Bxc6 Bxc6 15. Ne5 Bxe5 16. dxe5 Qxe5 17. Bc5 Qg5 18. Bxf8 d4 19. g3 dxc3 20. Ba3 cxb2 21. Bxb2 Qf5) ({RR} 14. Bxc6 Bxc6 15. Ne5 Bxe5 16. dxe5 Qxe5 17. Bc5 Qg5 18. Bxf8 d4 19. g3 dxc3 20. Ba3 cxb2 21. Bxb2 Qf5) 14... Rfe8 15. a3 Rac8 16. b4 Bf4 17. Bxf4 Rxe1+ 18. Qxe1 Qxf4 19. Ne2 Qd6 20. Qd2 Ne7 21. Ng3 Rxc1+ 22. Qxc1 Nc6 23. Qc5 Qb8 ({RR} 23... Qxc5 24. dxc5) ({RR} 23... Qc7 24. Ne5) ({RR} 23... Qxc5 24. dxc5) ({RR} 23... Qc7 24. Ne5) 24. Ne2 b6 25. Qc3 a5 26. Ne5 {Karpov,A (2740)-Leko,P (2545) Dortmund 1994 CBM 042 [Ftacnik,Lubomir] 1-0 (54)} ({RR} 26. bxa5 Nxa5) ({RR} 26. bxa5 Nxa5) {RR} 26... axb4 ({RR} 26... axb4 27. Nxc6) 27. Nxc6) ({RR} 11... Be6 12. Ne5) ({RR} 11... Qc7 12. Be3 Re8 13. Rc1 a6 14. Bxc6 bxc6 15. Na4 Ne4 16. Ne5 Bxe5 17. dxe5 Qxe5 18. Nb6 Rb8 19. Rxc6 Be6 20. Qd4 Qxd4 21. Bxd4 Nd2 22. b3 Ne4 23. f3 Ng5 24. h4 Nh7 25. Be5 Rb7 26. Rd6 {Horvath,J (2505)-Palkovi,J (2480) Hungary 1996 1-0 (51)}) ({RR} 11... Be6 12. Ne5 Rc8 13. Bf4 Re8 14. Bg3 Qb6 15. Nxc6 bxc6 16. Bxd6 cxb5 17. Be5 Nd7 18. Qd3 b4 19. Na4 Qc6 20. Nc5 f6 21. Bf4 Bf7 22. Rxe8+ Rxe8 23. Qa6 Qb6 24. Qxb6 Nxb6 25. b3 g5 26. Bc7 {Bacrot,E (2710)-Fang,Y (2500) Jiangmen 2018 ½-½ (33)}) ({RR} 11... Qb6 12. Be3 Bf5 13. Bxc6 bxc6 14. Qc1 Rfe8 15. b3 Qa6 16. Na4 Ne4 17. Nd2 Re6 18. Nxe4 Bxe4 19. Nc3 Bf5 20. Qd1 Rae8 21. Qf3 Rf6 22. Bd2 Ree6 23. Rxe6 fxe6 24. Re1 Qc8 25. Ne2 Qf8 26. Qc3 {Mis,M (2397)-Nainys,Z (2309) Warsaw POL 2026 0-1 (57)}) ({RR} 11... Qc7 12. Be3 Bd7 13. Rc1 a6 14. Bd3 Rfe8 15. a3 Rac8 16. b4 Bf4 17. Bxf4 Rxe1+ 18. Qxe1 Qxf4 19. Ne2 Qd6 20. Qd2 Ne7 21. Ng3 Rxc1+ 22. Qxc1 Nc6 23. Qc5 Qb8 24. Ne2 b6 25. Qc3 a5 26. Ne5 {Karpov,A (2740)-Leko,P (2545) Dortmund 1994 CBM 042 [Ftacnik,Lubomir] 1-0 (54)}) ({RR} 11... Be6 12. Ne5) ({RR} 11... Qc7 12. Be3 Re8 13. Rc1 a6 14. Bxc6 bxc6 15. Na4 Ne4 16. Ne5 Bxe5 17. dxe5 Qxe5 18. Nb6 Rb8 19. Rxc6 Be6 20. Qd4 Qxd4 21. Bxd4 Nd2 22. b3 Ne4 23. f3 Ng5 24. h4 Nh7 25. Be5 Rb7 26. Rd6 {Horvath,J (2505)-Palkovi,J (2480) Hungary 1996 1-0 (51)}) 12. Ne5 $14 Rc8 13. a3 a6 (13... Re8 14. Bf4 $14) 14. Ba4 (14. Bf1 Bf5 $132) 14... b5 15. Bb3 Be6 16. Bc2 {d3 b1-h7} Qb6 17. Be3 Rfd8 {18. - xe5 19.dxe5 d4} 18. Ng4 Bxg4 19. hxg4 Bb8 20. Bf5 Rc7 21. a4 $1 {22.axb5 axb5 קb5} b4 22. a5 Nxa5 23. Na4 Qd6 (23... Qb5 24. Nc5 {25.d3, 25.a4}) 24. g3 {f4} Ra7 {קf6} 25. g5 (25. Nc5 Nc4 $13) 25... hxg5 26. Bxg5 Nc6 27. Rc1 $1 {f4} (27. Nc5 a5) 27... Na5 28. Rc5 Nc4 29. b3 Na3 (29... Nb6 $2 30. Bf4 $18) 30. Kg2 {h1 } Re7 31. Rh1 Rde8 32. Rh8+ $1 Kxh8 33. Qh1+ Kg8 34. Bxf6 Qxg3+ 35. fxg3 Re2+ 36. Kh3 gxf6 37. Kg4 1-0

[Event "EU-chT (Men) 12th"]
[Site "Batumi"]
[Date "1999.12.01"]
[Round "3.1"]
[White "Krasenkow, Michal"]
[Black "Illescas Cordoba, Miguel"]
[Result "1-0"]
[WhiteElo "2647"]
[BlackElo "2600"]
[Annotator "Ftacnik,Lubomir"]
[PlyCount "91"]
[EventDate "1999.11.06"]
[EventType "team-swiss"]
[EventRounds "9"]
[EventCountry "GEO"]
[SourceTitle "CBM 074"]
[Source "ChessBase"]
[SourceDate "2000.02.01"]
[SourceVersion "1"]
[SourceVersionDate "2000.02.01"]
[SourceQuality "1"]
[WhiteTeam "Poland"]
[BlackTeam "Spain"]
[WhiteTeamCountry "POL"]
[BlackTeamCountry "ESP"]

1. d4 {Kasparov,Garry Kasparov,Garry} d5 2. c4 e6 3. Nf3 c5 4. cxd5 exd5 5. Nc3 Nc6 6. g3 Nf6 7. Bg2 Be7 8. O-O O-O 9. Bg5 cxd4 10. Nxd4 h6 11. Be3 Re8 12. Qc2 Bg4 13. Rfd1 Bf8 (13... Qd7) (13... Bb4) ({RR} 13... Qd7 14. Qb3 Rad8 15. Nxc6 bxc6 16. Qa4 Rb8 17. Rd2 Rb7 18. a3 Bd8 19. b4 Bh3 20. Rc1 Bxg2 21. Kxg2 Bb6 22. Bd4 Qe6 23. e3 Rbe7 24. Qc2 Rc8 25. Bxf6 gxf6 26. Nxd5 Ree8 27. Nf4 Qe5 28. Rd7 {Hurelbaatar,C (2138)-Erdene,G (2285) Ulaanbaatar 2010 1-0}) ({RR} 13... Qd7 14. Qb3 Rad8 15. Nxc6 bxc6 16. Qa4 Rb8 17. Rd2 Rb7 18. a3 Bd8 19. b4 Bh3 20. Rc1 Bxg2 21. Kxg2 Bb6 22. Bd4 Qe6 23. e3 Rbe7 24. Qc2 Rc8 25. Bxf6 gxf6 26. Nxd5 Ree8 27. Nf4 Qe5 28. Rd7 {Hurelbaatar,C (2138)-Erdene,G (2285) Ulaanbaatar 2010 1-0}) 14. Nxc6 (14. Rac1 Rc8 15. Nxc6 ({RR} 15. Qa4) ({RR} 15. Qa4) 15... bxc6 16. Bd4 Bb4 17. Rd2 Qe7 18. a3 Ba5 19. b4 ({RR} 19. h3) ({RR} 19. h3) 19... Bb6 20. e3 Qe6 21. Qb2 ({RR} 21. Na4 Ne4 22. Bxe4 dxe4 23. Bxb6 axb6 24. Nxb6 Rcd8) ({RR} 21. Na4 Ne4 22. Bxe4 dxe4 23. Bxb6 axb6 24. Nxb6 Rcd8) 21... Bxd4 22. Rxd4 ({RR} 22. exd4 Bh3) ({RR} 22. exd4 Bh3) 22... c5 23. bxc5 Rxc5 24. Ne2 Rec8 {½-½ Beliavsky,A-Kasparov,G/Moscow/1983/ (31)}) ({RR} 14. Rac1 Rc8 15. Nxc6 bxc6 16. Bd4 Bb4 17. Rd2 Qe7 18. a3 Ba5 19. b4 Bb6 20. e3 Qe6 21. Qb2 Bxd4 22. Rxd4 c5 23. bxc5 Rxc5 24. Ne2 Rec8 25. Rxc5 Rxc5 26. Nf4 Qc8 27. h3 Rc1+ 28. Kh2 Rc2 {Beliavsky,A (2570)-Kasparov,G (2690) Moscow 1983 Candidates [Kasparov,Garry] ½-½ (31)}) ({RR} 14. Rac1 Rc8 15. Nxc6 bxc6 16. Bd4 Bb4 17. Rd2 Qe7 18. a3 Ba5 19. b4 Bb6 20. e3 Qe6 21. Qb2 Bxd4 22. Rxd4 c5 23. bxc5 Rxc5 24. Ne2 Rec8 25. Rxc5 Rxc5 26. Nf4 Qc8 27. h3 Rc1+ 28. Kh2 Rc2 {Beliavsky,A (2570)-Kasparov,G (2690) Moscow 1983 Candidates [Kasparov,Garry] ½-½ (31)}) 14... bxc6 15. Bd4 $5 {Krasenkow comes up with an interesting plan of centralizing the bishop with the aim to prepare the push f4 and e4.} Bh5 $146 ({RR} 15... Bb4 16. Rd2 Bh5 17. a3 Ba5 18. b4 Bb6 19. e3 Bg6 20. Qb2 Rb8 21. Na4 Bxd4 22. Qxd4 Ne4 23. Rdd1 a5 24. Rac1 axb4 25. axb4 Qe7 26. Nc5 Nxc5 27. Rxc5 Rb6 28. Rdc1 Be4 29. Bxe4 Qxe4 30. Rxd5 {Gonzalez Munoz,J-Fernandez Martin,F Asturias 2000 ½-½ (89)}) ({RR} 15... Bb4 16. Rd2 Bh5 17. a3 Ba5 18. b4 Bb6 19. e3 Bg6 20. Qb2 Rb8 21. Na4 Bxd4 22. Qxd4 Ne4 23. Rdd1 a5 24. Rac1 axb4 25. axb4 Qe7 26. Nc5 Nxc5 27. Rxc5 Rb6 28. Rdc1 Be4 29. Bxe4 Qxe4 30. Rxd5 {Gonzalez Munoz,J-Fernandez Martin,F Asturias 2000 ½-½ (89)}) 16. Rd2 Nd7 (16... Bb4 $5 17. a3 Ba5 18. b4 Bb6 19. e4 Bxd4 20. Rxd4 Qb6 21. Qd2 $11) (16... Bg6 17. Qa4 Qd6 18. Rc1 $14) 17. f4 Nb6 (17... c5 18. Bf2 d4 19. Nb5 $1 (19. Bxa8 Qxa8 20. Na4 Bg4 $1 $132) 19... Rb8 20. Nxa7 Qf6 21. a4 $14) 18. e4 Nc4 $6 (18... dxe4 19. Bxg7 $16) (18... c5 19. Bf2 d4 20. e5 Bg6 21. Ne4 Nd5 $13) 19. Rd3 Qa5 20. g4 $1 {This ammounts to the refutation of the black's defensive idea. Black's center falls down and his king comes under fire.} (20. exd5 $6 Bg6 21. dxc6 Nxb2 22. Qxb2 Bxd3 $15) 20... Bxg4 (20... c5 21. Bf2 Bxg4 22. Nxd5 $18) (20... Bg6 21. f5 Bh7 22. exd5 $16) 21. Rg3 Bd7 (21... Bc5 $1 22. Qf2 Bxd4 23. Qxd4 c5 24. Qd3 (24. Qxd5 Nxb2 25. Qd2 Na4 26. Rc1 Rad8 $17) (24. Qf2 d4 25. Nd5 Ne3 26. Nxe3 dxe3 27. Qxe3 Be6 $11) 24... Nxb2 25. Qc2 Qb4 26. Nxd5 Qd4+ 27. Qf2 Qxf2+ 28. Kxf2 $14) 22. exd5 Rac8 (22... c5 23. Ne4 Kh8 24. Nf6 $18) (22... cxd5 23. Nxd5 Rac8 24. Nf6+ Kh8 25. Qh7#) 23. Ne4 Rxe4 $8 (23... f5 24. Nf6+ Kh8 25. Nxe8 Rxe8 26. Qxc4 $18) 24. Bxe4 Nd2 (24... cxd5 25. Qg2 $1 f6 26. Bxd5+ Kh8 27. Rd1 $18) 25. d6 Nxe4 26. Qxe4 Re8 27. Qg2 Re1+ (27... Kh8 28. Bc3 Qc5+ 29. Kh1 Qd5 30. Bxg7+ Bxg7 31. Rxg7 Be6 32. Rg1 Qxg2+ 33. R7xg2 Bd5 34. Rd1 $18) 28. Rxe1 Qxe1+ 29. Qf1 Qe4 (29... Qe6 30. b4 Qxd6 (30... Qxa2 31. Qa1 Qxa1+ 32. Bxa1 $16) 31. Bc5 Qb8 32. Bxf8 Qxf8 33. a3 $16) 30. Be5 {White pawns are weak and his king exposed. On the other hand he has an extra exchange and a potentially dangerous d6 passed pawn.} c5 (30... f6 31. Bxf6 Qe6 32. Be5 $18) 31. Kf2 Bc6 (31... f6 32. Bxf6 Qxf4+ 33. Kg1 Qxd6 34. b3 a6 35. Qa1 $16) 32. Qe1 Qf5 (32... Qd5 33. Qe3 Qh1 34. Rxg7+ Bxg7 35. Qg3 f6 36. d7 Bxd7 37. Bxf6 $18) 33. Qc3 f6 34. Bxf6 Qxf4+ 35. Kg1 g5 (35... Qxd6 36. Bxg7 Qd1+ 37. Kf2 $18) 36. Be5 Qe4 37. Kf2 Qf5+ 38. Ke1 Qe4+ 39. Kd2 c4 (39... Bb5 40. Qxc5 Qe2+ 41. Kc1 Qe1+ 42. Kc2 $18) 40. Re3 Qd5+ 41. Kc1 {White king is finally safe and d6 pawn still on the board.} Bd7 (41... Bxd6 42. Bxd6 Qxd6 43. Qxc4+ $18) 42. b3 Bb5 (42... cxb3 43. Qxb3 $18) 43. Qc2 Qe6 44. bxc4 Bxc4 45. d7 Be7 46. Bd4 (46. Bd4 Qa6 47. Rxe7 Qa3+ 48. Bb2 Qxe7 49. Qg6+ (49. Qxc4+ $18) 49... Kf8 50. Bg7+ $18) 1-0

[Event "RUS-chT 11th"]
[Site "Sochi"]
[Date "2004.04.26"]
[Round "7.1"]
[White "Gelfand, Boris"]
[Black "Grischuk, Alexander"]
[Result "1-0"]
[WhiteElo "2714"]
[BlackElo "2719"]
[Annotator "Gelfand,Boris"]
[PlyCount "90"]
[EventDate "2004.04.20"]
[EventType "team-tourn"]
[EventRounds "9"]
[EventCountry "RUS"]
[SourceTitle "EXT 2020"]
[Source "ChessBase"]
[SourceDate "2019.10.17"]
[SourceVersion "1"]
[SourceVersionDate "2019.10.17"]
[SourceQuality "1"]
[WhiteTeam "Samara Termosteps"]
[BlackTeam "Ekaterinburg Max Ven"]
[WhiteTeamCountry "RUS"]
[BlackTeamCountry "RUS"]

1. d4 {Ftacnik} d5 2. c4 e6 3. Nc3 c5 4. cxd5 exd5 5. Nf3 Nc6 6. g3 Nf6 7. Bg2 Be7 8. O-O O-O 9. Bg5 c4 10. Ne5 Be6 11. b3 Qa5 12. Qd2 $1 Rad8 (12... Bb4 13. Bxf6 gxf6 14. Nxc6 bxc6 15. Rfc1 $14) (12... Qa6 13. bxc4 dxc4 14. Nxc6 bxc6 15. Qc2 $14) (12... Rfd8 $2 13. Nxc6 bxc6 14. bxc4 dxc4 15. Bxc6 {xa8}) 13. bxc4 $1 Bb4 {Ftacnik: 'Grischuk tries to improve on the older game with 13...xe5, since it was clearly better for white.'} (13... Nxe5 14. Nxd5 $1 Qxd2 (14... Rxd5 15. cxd5 Qxd2 16. Bxd2 Nc4 17. dxe6 Nxd2 18. Rfd1 $16) 15. Nxe7+ Kh8 16. Bxd2 Nxc4 17. Bb4 Rfe8 18. Bxb7 $1 (18. d5 $2 Nxd5 19. Nxd5 Bxd5 20. Rfd1 Be6 {O'Cinneide,M-Halkias,S/Leon 2001/`}) 18... Rd7 ({or} 18... Rb8 19. Bc6 Rxb4 20. Bxe8 Nxe8 21. Rab1) 19. Bc6 Rexe7 20. Bxe7 Rxe7 21. Rfc1 $16) 14. Nxc6 bxc6 15. Rfc1 (15. Rac1 dxc4 16. Bxc6 Qb6 17. d5 (17. Bxf6 gxf6 18. d5 $2 Qxc6) 17... Rxd5 (17... Bxc3 18. Qxc3 Nxd5 19. Qxc4 Ne7) 18. Bxd5 Nxd5 19. Nxd5 Bxd2 20. Nxb6 Bxc1 $11) 15... dxc4 16. Bxf6 (16. Bxc6 Qb6 17. d5 Ne4) 16... gxf6 17. e3 (17. a3 {Ftacnik} Bxc3 18. Rxc3 c5 19. d5 Bxd5 20. Qc2 $14) 17... c5 ({RR} 17... f5 18. Bxc6 f4 19. a3 fxe3 20. Qxe3 Bxc3 21. Rxc3 Rd6 22. Be4 Rfd8 23. d5 Bxd5 24. Qg5+ Kf8 25. Re3 h6 26. Qf5 Re6 27. Rae1 c3 28. Qh7 c2 29. Bxd5 Qxe1+ 30. Rxe1 Rxe1+ 31. Kg2 Rxd5 32. Qxc2 {So,W (2656)-Akobian,V (2628) Wijk aan Zee 2010 ½-½ (33)}) ({RR} 17... f5 18. Bxc6 f4 19. a3 fxe3 20. Qxe3 Bxc3 21. Rxc3 Rd6 22. Be4 Rfd8 23. d5 Bxd5 24. Qg5+ Kf8 25. Re3 h6 26. Qf5 Re6 27. Rae1 c3 28. Qh7 c2 29. Bxd5 Qxe1+ 30. Rxe1 Rxe1+ 31. Kg2 Rxd5 32. Qxc2 {So,W (2656)-Akobian,V (2628) Wijk aan Zee 2010 ½-½ (33)}) 18. d5 $1 Bxc3 19. Rxc3 $146 (19. Qxc3 Qxc3 20. Rxc3 Bxd5 21. Bxd5 Rxd5 22. Rxc4 Rb8 23. Rc2 Rb6 $14) ({RR} 19. Qxc3 Qxc3 20. Rxc3 Bxd5 21. Bxd5 Rxd5 22. Rxc4 Rb8 23. Rac1 Rb2 24. a4 Rdd2 25. Rf4 Rb4 26. Rxc5 Rxf4 27. gxf4 Rd6 28. Kg2 Kg7 29. Kf3 Kg6 30. Kg4 h6 31. h4 Rb6 32. h5+ Kg7 33. a5 Rd6 {Bury,T (1823)-Guddat,J (1787) Nordrheinwestfalen 2012 1-0 (52)}) ({RR} 19. Qxc3 Qxc3 20. Rxc3 Bxd5 21. Bxd5 Rxd5 22. Rxc4 Rb8 23. Rac1 Rb2 24. a4 Rdd2 25. Rf4 Rb4 26. Rxc5 Rxf4 27. gxf4 Rd6 28. Kg2 Kg7 29. Kf3 Kg6 30. Kg4 h6 31. h4 Rb6 32. h5+ Kg7 33. a5 Rd6 {Bury,T (1823)-Guddat,J (1787) Nordrheinwestfalen 2012 1-0 (52)}) 19... Bxd5 20. Bxd5 Rxd5 21. Qc2 $16 {'!' Ftacnik. Ftacnik: 'Gelfand doesn't want to give black excellent counterplay with active queen on c3 supporting the dangerous c4 pawn.'} Rc8 (21... Rfd8 22. Rxc4 Qd2 $2 23. Rxc5 $18) 22. Rxc4 $6 (22. Rc1 $1 Rd3 $140 $2 23. Rxc4 Qd2 24. Rxc5 $1) (22. Rb1 $5) 22... Qd2 23. Rc1 (23. Qe4 Rcd8 { e2 and d1}) 23... Qxc2 24. R1xc2 Rc6 (24... Kg7 25. Rb2 Rc6 26. Rb7) 25. Kg2 $2 (25. Rb2 $6 Rb6) (25. Ra4 $1 Rc7 26. Kg2 f5 27. Kf3 $16) 25... Ra6 $1 26. a4 (26. Kf3 Ra3 $11) 26... h6 $6 (26... Kg7 $142 27. Kf3 Kg6 28. Ke2 (28. Rg4+ Rg5) 28... f5 29. Rd2 Rad6 (29... Re5 30. Rd8) (29... Rxd2+ 30. Kxd2) 30. Rxd5 Rxd5 31. Rc2 Kf6 32. Rb2 $16) (26... f5 $2 27. Rxc5 Rxc5 28. Rxc5 Rxa4 29. Rxf5 $18 a5 30. Kf3 Ra1 31. h4 a4 32. Ra5 a3 33. h5 h6 34. g4 Kg7 35. e4 Ra2 36. Ke3 Ra1 37. Ra6 Ra2 (37... a2 38. Kf4) 38. e5 Ra1 39. Kf4 Rf1 40. f3 Ra1 41. Kf5 a2 42. f4) 27. Kf3 Kf8 28. Ke2 Ra5 $2 (28... Ke7 $2 29. Rxc5 Rxc5 30. Rxc5 Rxa4 31. Rh5 $18 Ra1 (31... Kf8 32. Rxh6 Kg7 33. Rh5 Ra1 34. h4 a5 35. Kf3 a4 36. Ra5 a3 37. g4 $1 (37. Kf4 $2 Ra2 38. f3 Ra1 39. h5 a2 40. g4 Kh7 41. e4 Kg7 $11) 37... Rh1 (37... a2 38. h5) 38. h5 Ra1 39. Ra6) 32. Rxh6 a5 33. h4 a4 34. Rh8 a3 35. Ra8) (28... Rh5 $142 29. h4 Rd5 30. R2c3 $1 (30. Rb2 Rb6 31. Rb5 Rxb5 32. axb5 Kg7 33. Kf3 Rd6 34. Rxc5 Rb6 $11) 30... Kg7 31. Rd3 Rxd3 32. Kxd3 $16) 29. Rb2 $1 Rd6 30. Rb8+ Ke7 31. Rh4 $18 (31. Rc8 Rda6 32. Rc7+ Ke6) 31... Rb6 (31... Rc6 32. Re4+ Re6 33. Rb7+ $1 Kd6 (33... Kf8 34. Rh4 Rc6 35. Rxh6 Kg7 36. Rh4 c4 37. Rb4 c3 38. Rhc4) 34. Rf4) 32. Rc8 Kd7 33. Rh8 Rb4 34. R4xh6 Rb6 (34... Raxa4 35. Rxf6 Rb2+ 36. Kf3 Raa2 37. Kg2 Ke7 38. Rf4) 35. R6h7 Rxa4 36. Rxf7+ Kc6 (36... Ke6 37. Rhf8) 37. Rxf6+ Kb5 38. Rxb6+ axb6 39. h4 Ra2+ 40. Kf3 c4 41. h5 Ra7 42. Rc8 Rf7+ 43. Ke2 Kb4 44. g4 Rh7 45. f4 Kb5 1-0